000 00856cam a2200277 a 4500
001 4770159
003 SISC
005 20160317122259.0
008 860722s1987 nyu b 001 0 eng
010 _a 86019172
020 _a0023730307 (pbk.)
040 _aDLC
_cDLC
_dDLC
050 0 0 _aPE 1479.C7
_b.M33 1987
082 0 0 _aHS 808.0668
_bM11 1987
100 1 _aMacAllister, Joyce.
_914579
245 1 0 _aWriting about literature :
_baims and process /
_cJoyce MacAllister
260 _aNew York :
_bMacmillan,
_cc1987.
300 _a192 p. :
_c24 cm.
650 0 _aEnglish language
_xRhetoric.
_914580
650 0 _aLiterature
_xHistory and criticism
_xTheory, etc.
_914581
650 0 _aCriticism
_xAuthorship.
_914582
650 0 _aAcademic writing.
_9988
906 _a7
_bcbc
_corignew
_d1
_eocip
_f19
_gy-gencatlg
942 _2lcc
_cBK
999 _c9668
_d9668